[Event "Montigny le Bretonneux op 21st"]
[Site "Montigny le Bretonneux"]
[Date "2021.12.28"]
[Round "4"]
[White "Ries, Antoine"]
[Black "Rosu, Matei"]
[Result "1-0"]
[WhiteElo "1267"]
[BlackElo "1191"]
[PlyCount "63"]
[EventDate "2021.12.26"]
[EventType "swiss"]
[EventRounds "9"]
[EventCountry "FRA"]
[SourceTitle "EXT 2023"]
[Source "ChessBase"]
[SourceDate "2022.10.05"]
[SourceVersion "1"]
[SourceVersionDate "2022.10.05"]
[SourceQuality "1"]

1. d4 d5 2. Nf3 Nc6 3. Bf4 Bf5 4. c3 Qd7 5. Nbd2 f6 6. e3 a6 7. Nb3 e6 8. Bd3 Bxd3 9. Qxd3 0-0-0 10. 0-0-0 Bd6 11. Bxd6 cxd6 12. Kb1 e5 13. Nfd2 e4 14. Qe2 g6 15. a3 f5 16. c4 dxc4 17. Nxc4 Qc7 18. Rc1 Kb8 19. Nca5 Nge7 20. Nxc6+ Nxc6 21. d5 Qb6 22. dxc6 Ka8 23. cxb7+ Qxb7 24. Na5 Qb6 25. Qd2 Rb8 26. Qd5+ Ka7 27. Nc6+ Ka8 28. Nxb8+ Kxb8 29. Rc6 Qb7 30. Rhc1 Rd8 31. R1c4 Re8 32. Rb4 1-0

[Event "Montigny le Bretonneux Noel op 20th"]
[Site "Montigny le Bretonneux"]
[Date "2019.12.29"]
[Round "6"]
[White "Ries, Antoine"]
[Black "Trimbitasu, Elyas"]
[Result "1/2-1/2"]
[WhiteElo "1313"]
[BlackElo "1150"]
[PlyCount "60"]
[EventDate "2019.12.27"]
[EventType "swiss"]
[EventRounds "7"]
[EventCountry "FRA"]
[SourceTitle "CBM 194 Extra"]
[Source "ChessBase"]
[SourceDate "2020.03.31"]
[SourceVersion "1"]
[SourceVersionDate "2020.03.31"]
[SourceQuality "1"]

1. e4 e5 2. Nf3 Nc6 3. Nc3 Bb4 4. Be2 Nf6 5. d3 d5 6. 0-0 Bxc3 7. bxc3 dxe4 8. dxe4 Qxd1 9. Rxd1 Nxe4 10. Bb2 Bg4 11. Bb5 Nd6 12. Bxc6+ bxc6 13. Ba3 Bxf3 14. gxf3 Rd8 15. Re1 f6 16. f4 Nc4 17. Bc5 a5 18. fxe5 fxe5 19. Re4 Nd2 20. Rxe5+ Kd7 21. Re7+ Kc8 22. Kg2 g6 23. Rae1 Nc4 24. Bd4 Rhf8 25. Rxh7 Nd6 26. Ree7 Nb5 27. c4 Nxd4 28. Rxc7+ Kb8 29. Rb7+ Ka8 30. Ra7+ Kb8 1/2-1/2